Szczegóły MARC21
Stan zagospodarowania i kierunki rozwoju portu w Świnoujściu do roku2005.
-
- @
- pole kontrolne
- 20070315155141.9
-
- a
- Instytucja, która sporządziła opis (NP)
- SZCZ U
-
- c
- Instytucja, która sporządziła rekord (NP)
- SZCZ U
-
- a
- Język tekstu (P)
- polski
-
- h
- Język tekstu oryginalnego i/lub pośredniego (P)
- polski
-
- c
- Rodzaj dokumentu
- Książka
-
- a
- Nazwa osobowa (NP)
- BERNACKI DARIUSZ
-
- a
- Miejsce wydania (P)
- Gdańsk :
-
- b
- Nazwa wydawcy (P)
- Wydaw.Inst.Morskiego,
-
- c
- Data wydania (P)
- 1990.
-
- a
- Określenie formy książki i/lub objętość (NP)
- V,110 s. :
-
- b
- Oznaczenie ilustracji (NP)
- [1] k.map :
-
- c
- Format (NP)
- 24 cm.
-
- a
- Uwaga ogólna (NP)
- Bibliogr
-
- a
- Symbol klasyfikacji
- 627.2/.3(438.252)"313"
-
- a
- UKD
- 627.2/.3(438.252)"313"
| 005 -DATA I CZAS OSTATNIEJ MODYFIKACJI [,] |
|
|---|---|
| 040 -Instytucja sporządzająca opis [ , ] |
|
| 041 -Język dokumentu [0, ] |
|
| 942 -Rodzaj dokumentu [ , ] |
|
| 100 -Hasło główne - nazwa osobowa [ , ] |
|
| 245 -Strefa tytułu i oznaczenia odpowiedzialności [1, ] | |
| 260 -Strefa adresu wydawniczego [ , ] |
|
| 300 -Strefa opisu fizycznego [ , ] |
|
| 490 -Strefa serii i książki wielotomowej - forma nie do wyszukiwania [0, ] | |
| 500 -Uwaga ogólna [ , ] |
|
| 080 -Uniwersalna Klasyfikacja Dziesiętna [ , ] |
|
| 980 -Symbol UKD [ , ] |
|
| 700 -Hasło dodatkowe - nazwa osobowa [ , ] | |
| 700 -Hasło dodatkowe - nazwa osobowa [ , ] | |
| Numer inwentarzowy | Status udost. | Data inwentaryzacji | Lokalizacja |
|---|---|---|---|
| E.59370 | -2 | 1999-02-03 | BE |
| S.69886 | 2 | 1999-02-03 | BE |
| S.69890 | 2 | 1999-02-03 | BE |
| S.69887 | 2 | 1999-02-03 | BE |
| S.69888 | 2 | 1999-02-03 | BE |
| S.69891 | 2 | 1999-02-03 | BE |
| S.69892 | 2 | 1999-02-03 | BE |
| S.69893 | 2 | 1999-02-03 | BE |
| S.69894 | 2 | 1999-02-03 | BE |
| S.69895 | 2 | 1999-02-03 | BE |
| S.69896 | 2 | 1999-02-03 | BE |
| S.69897 | 2 | 1999-02-03 | BE |
| S.69898 | 2 | 1999-02-03 | BE |
| S.69900 | 2 | 1999-02-03 | BE |
| S.69889 | 2 | 1999-02-03 | BE |
| TS.69899 | -3 | 1999-02-03 | T |